Las aportaciones de la Textlinguistik y su recepción en España: balance y perspectivas

Saved in:
Bibliographic Details
Main Authors: Loureda Lamas, Óscar (Author) , Casado Velarde, Manuel (Author)
Format: Chapter/Article
Language:Spanish
Published: 2009
In: La lingüística como reto epistemológico y como acción social ; 1
Year: 2009, Pages: 275-292
Online Access: Get full text
Author Notes:Óscar Loureda Lamas; Manuel Casado Velarde

MARC

LEADER 00000caa a22000002c 4500
001 146203814X
003 DE-627
005 20220811014814.0
007 tu
008 130807s2009 xx ||||| 00| ||spa c
035 |a (DE-627)146203814X 
035 |a (DE-576)392038145 
035 |a (DE-599)BSZ392038145 
035 |a (OCoLC)1340491554 
040 |a DE-627  |b ger  |c DE-627  |e rakwb 
041 |a spa 
084 |a 55  |2 sdnb 
100 1 |a Loureda Lamas, Óscar  |d 1974-  |0 (DE-588)142673919  |0 (DE-627)638455022  |0 (DE-576)187864179  |4 aut 
245 1 4 |a Las aportaciones de la Textlinguistik y su recepción en España  |b balance y perspectivas  |c Óscar Loureda Lamas; Manuel Casado Velarde 
264 1 |c 2009 
300 |a 18 
336 |a Text  |b txt  |2 rdacontent 
337 |a ohne Hilfsmittel zu benutzen  |b n  |2 rdamedia 
338 |a Band  |b nc  |2 rdacarrier 
700 1 |a Casado Velarde, Manuel  |d 1948-  |0 (DE-588)133037665  |0 (DE-627)53447229X  |0 (DE-576)299580628  |4 aut 
773 0 8 |i In  |t La lingüística como reto epistemológico y como acción social ; 1  |d Madrid : Arco/Libros, 2009  |g (2009), Seite 275-292  |h XXXIV, 566 S.  |w (DE-627)1468153935  |w (DE-576)398153930  |z 9788476357750  |7 nnam  |a Las aportaciones de la Textlinguistik y su recepción en España balance y perspectivas 
773 1 8 |g year:2009  |g pages:275-292  |g extent:18  |a Las aportaciones de la Textlinguistik y su recepción en España balance y perspectivas 
951 |a AR 
992 |a 20130807 
993 |a BookComponentPart 
994 |a 2009 
998 |g 142673919  |a Loureda Lamas, Óscar  |m 142673919:Loureda Lamas, Óscar  |d 700000  |d 728600  |e 700000PL142673919  |e 728600PL142673919  |k 0/700000/  |k 1/700000/728600/  |p 1  |x j 
999 |a KXP-PPN146203814X  |e 2765136785 
BIB |a Y 
JSO |a {"type":{"bibl":"chapter"},"recId":"146203814X","person":[{"role":"aut","family":"Loureda Lamas","given":"Óscar","display":"Loureda Lamas, Óscar"},{"role":"aut","display":"Casado Velarde, Manuel","given":"Manuel","family":"Casado Velarde"}],"physDesc":[{"extent":"18 S."}],"name":{"displayForm":["Óscar Loureda Lamas; Manuel Casado Velarde"]},"origin":[{"dateIssuedDisp":"2009","dateIssuedKey":"2009"}],"language":["spa"],"relHost":[{"type":{"bibl":"book"},"recId":"1468153935","relMultPart":[{"language":["spa","fre","cat"],"title":[{"title":"La lingüística como reto epistemológico y como acción social","title_sort":"lingüística como reto epistemológico y como acción social","subtitle":"estudios dedicados al profesor Ángel López García con ocasión de su sexagésimo aniversario"}],"id":{"eki":["1462037615"],"isbn":["9788476357743"]},"type":{"bibl":"edited-book"},"ga":1,"origin":[{"publisher":"Arco/Libros","dateIssuedDisp":"20XX-","publisherPlace":"Madrid"}],"part":{"number_sort":["1"],"number":["1"]},"note":["Beitr. teilw. franz., teilw. span., teilw. katalan"],"recId":"1462037615","person":[{"display":"Veyrat Rigat, Montserrat","given":"Montserrat","family":"Veyrat Rigat","role":"oth"},{"role":"hnr","family":"López García","display":"López García, Ángel","given":"Ángel"}],"name":{"displayForm":["ed. Montserrat Veyrat Rigat ..."]}}],"origin":[{"publisherPlace":"Madrid","dateIssuedDisp":"2009","dateIssuedKey":"2009","publisher":"Arco/Libros"}],"physDesc":[{"extent":"XXXIV, 566 S."}],"disp":"Las aportaciones de la Textlinguistik y su recepción en España balance y perspectivasLa lingüística como reto epistemológico y como acción social ; 1","id":{"isbn":["9788476357750"],"eki":["1468153935"]},"part":{"pages":"275-292","year":"2009","text":"(2009), Seite 275-292","extent":"18"},"language":["spa","fre","cat"],"title":[{}]}],"title":[{"title":"Las aportaciones de la Textlinguistik y su recepción en España","title_sort":"aportaciones de la Textlinguistik y su recepción en España","subtitle":"balance y perspectivas"}],"id":{"eki":["146203814X"]}} 
SRT |a LOUREDALAMAPORTACION2009